[Event "French League TOP 12"]
[Site "Belfort"]
[Date "2012.06.07"]
[Round "8"]
[White "Brunner, Nicolas"]
[Black "Fressinet, Laurent"]
[Result "0-1"]
[WhiteElo "2439"]
[BlackElo "2715"]
[PlyCount "70"]
[EventDate "2012.??.??"]
[EventCountry "FRA"]

1. d4 g6 2. c4 Bg7 3. e4 Nc6 4. Be3 e5 5. Nf3 exd4 6. Nxd4 Nge7 7. Qd2 O-O 8.
Be2 d6 9. O-O f5 10. exf5 Nxf5 11. Nxf5 Bxf5 12. Nc3 Qf6 13. Rfd1 Kh8 14. Rac1
Rae8 15. b3 Qf7 16. h3 a5 17. Bd3 Bc8 18. Be4 Ne5 19. Qd5 Be6 20. Qd2 Bf5 21.
Bxf5 gxf5 22. Nd5 b6 23. Re1 Ng6 24. Nf4 Re4 25. Nxg6+ Qxg6 26. Bf4 Rd4 27. Qe3
Rg8 28. g3 h5 29. Qf3 h4 30. Re7 hxg3 31. fxg3 Bh6 32. Kh2 Bxf4 33. gxf4 Rd3
34. Qf2 Rxh3+ 35. Kxh3 Qf7 0-1

[Event "French League TOP 12"]
[Site "Belfort"]
[Date "2012.06.07"]
[Round "8"]
[White "Llanes Hurtado, Miguel"]
[Black "Riazantsev, Alexander"]
[Result "0-1"]
[WhiteElo "2480"]
[BlackElo "2714"]
[PlyCount "133"]
[EventDate "2012.??.??"]
[EventCountry "FRA"]

1. Nf3 d5 2. c4 e6 3. g3 dxc4 4. Qa4+ Bd7 5. Qxc4 c5 6. Ne5 Nc6 7. Nxd7 Qxd7 8.
b3 Be7 9. Bb2 Nf6 10. Bg2 Rc8 11. O-O O-O 12. d3 Nd5 13. Qg4 Bf6 14. Bxf6 Nxf6
15. Qc4 Nd4 16. Re1 Nd5 17. Qc1 Nb4 18. Na3 b5 19. Qb2 Rfd8 20. Rac1 Qe7 21.
Nb1 Nxe2+ 22. Qxe2 Nxd3 23. Nc3 c4 24. Nxb5 Nxc1 25. Rxc1 a6 26. Qe1 c3 27.
Nxc3 Qb4 28. Bf1 Qxb3 29. Bxa6 Rc5 30. Bf1 h6 31. Ne4 Rxc1 32. Qxc1 Rd1 33. Nc5
Qxg3+ 34. hxg3 Rxc1 35. Nd3 Ra1 36. f4 Rxa2 37. Nf2 g6 38. Kg2 Kg7 39. Kf3 Ra3+
40. Kg2 Ra2 41. Kf3 Ra3+ 42. Kg2 Ra5 43. Kf3 g5 44. fxg5 hxg5 45. g4 f5 46. Be2
Kf6 47. Kg2 Ra3 48. Bf3 Ke5 49. Nh3 Ra2+ 50. Kg1 Ra4 51. Be2 fxg4 52. Nxg5 Kf5
53. Nf7 Kf4 54. Nd8 Kg3 55. Bf1 e5 56. Nf7 e4 57. Nd6 e3 58. Nb5 Ra1 59. Nc3
Kf3 60. Ne2 Rd1 61. Nc3 Rd2 62. Ba6 Rc2 63. Bb7+ Kg3 64. Ne4+ Kf4 65. Kf1 g3
66. Nxg3 Kxg3 67. Ke1 0-1

[Event "French League TOP 12"]
[Site "Belfort"]
[Date "2012.06.07"]
[Round "8"]
[White "Schlosser, Philipp"]
[Black "Le, Quang Liem"]
[Result "1/2-1/2"]
[WhiteElo "2596"]
[BlackElo "2703"]
[PlyCount "41"]
[EventDate "2012.??.??"]
[EventCountry "FRA"]

1. Nf3 d5 2. d4 Nf6 3. c4 e6 4. e3 Be7 5. Nc3 O-O 6. b3 c5 7. dxc5 Bxc5 8. cxd5
exd5 9. Be2 Nc6 10. O-O a6 11. Bb2 Ba7 12. Rc1 Qd6 13. Qd3 Bg4 14. Rfd1 Rad8
15. Ng5 h6 16. Nge4 Bxe2 17. Qxe2 Nxe4 18. Nxe4 Qe7 19. Ng3 Qe6 20. Qf3 d4 21.
exd4 1/2-1/2

[Event "French League TOP 12"]
[Site "Belfort"]
[Date "2012.06.08"]
[Round "9"]
[White "Bacrot, Etienne"]
[Black "Brunner, Nicolas"]
[Result "1-0"]
[WhiteElo "2695"]
[BlackElo "2439"]
[PlyCount "63"]
[EventDate "2012.??.??"]
[EventCountry "FRA"]

1. c4 c6 2. Nc3 d5 3. d4 Nf6 4. e3 e6 5. Nf3 a6 6. b3 Bb4 7. Bd2 O-O 8. Bd3
Nbd7 9. O-O Bd6 10. Re1 h6 11. e4 dxc4 12. bxc4 e5 13. c5 Bc7 14. Qc2 Qe7 15.
Ne2 exd4 16. Rac1 Rd8 17. Nexd4 Ne5 18. Nxe5 Qxe5 19. Nf3 Qe7 20. e5 Nd5 21.
Qc4 Rb8 22. Bb1 Qf8 23. Qc2 g6 24. e6 f5 25. e7 Nxe7 26. Bxh6 Qf7 27. Qb2 Nd5
28. Ng5 Qf6 29. Qxf6 Nxf6 30. Re7 Rd7 31. Rce1 Bxh2+ 32. Kh1 1-0

[Event "French League TOP 12"]
[Site "Belfort"]
[Date "2012.06.08"]
[Round "9"]
[White "Feller, Sebastien"]
[Black "Fressinet, Laurent"]
[Result "1/2-1/2"]
[WhiteElo "2640"]
[BlackElo "2715"]
[PlyCount "94"]
[EventDate "2012.??.??"]
[EventCountry "FRA"]

1. d4 Nf6 2. c4 e6 3. Nf3 Bb4+ 4. Nc3 Nc6 5. Qc2 d6 6. Bd2 Qe7 7. a3 Bxc3 8.
Bxc3 O-O 9. e3 a5 10. b3 e5 11. d5 Nb8 12. Nd2 c6 13. e4 Nbd7 14. Be2 Nc5 15.
b4 axb4 16. axb4 Rxa1+ 17. Bxa1 Na6 18. Qb1 Bg4 19. Bxg4 Nxg4 20. O-O Rc8 21.
dxc6 bxc6 22. Qd1 Nf6 23. Qa4 Qb7 24. Bc3 Ra8 25. Ra1 Nc7 26. Qd1 Ne6 27. Rxa8+
Qxa8 28. Qa1 Qb7 29. Qa5 h6 30. f3 Kh7 31. Nb3 Nd7 32. Kf1 Nb6 33. Nd2 f6 34.
g3 d5 35. exd5 cxd5 36. c5 Nc4 37. Qa4 Ne3+ 38. Ke2 d4 39. c6 Qb6 40. Bb2 Nc7
41. Nc4 Nxc4 42. Qc2+ Kg8 43. Qxc4+ Kf8 44. Ba3 Nb5 45. Bb2 Nc7 46. Ba3 Nb5 47.
Bb2 Nc7 1/2-1/2

[Event "French League TOP 12"]
[Site "Belfort"]
[Date "2012.06.08"]
[Round "9"]
[White "Terrieux, Kevin"]
[Black "Navara, David"]
[Result "0-1"]
[WhiteElo "2372"]
[BlackElo "2706"]
[PlyCount "66"]
[EventDate "2012.??.??"]
[EventCountry "FRA"]

1. d4 Nf6 2. c4 e6 3. Nc3 Bb4 4. Qc2 O-O 5. e4 d6 6. a3 Bxc3+ 7. bxc3 c5 8. Bd3
Qc7 9. Ne2 b5 10. e5 dxe5 11. dxe5 bxc4 12. exf6 cxd3 13. Qxd3 Ba6 14. Qg3 Qxg3
15. Nxg3 gxf6 16. Ne4 Nd7 17. Bh6 Rfd8 18. O-O-O f5 19. Rxd7 fxe4 20. Rxd8+
Rxd8 21. Rd1 Bd3 22. Rd2 a6 23. Rb2 Bb5 24. Rd2 Rd3 25. Rxd3 exd3 26. Be3 c4
27. g4 Kg7 28. h4 Bc6 29. h5 f6 30. h6+ Kg6 31. f4 Kxh6 32. f5+ Kg7 33. fxe6
Kf8 0-1

[Event "French League TOP 12"]
[Site "Belfort"]
[Date "2012.06.08"]
[Round "9"]
[White "Le, Quang Liem"]
[Black "Pelletier, Yannick"]
[Result "1/2-1/2"]
[WhiteElo "2703"]
[BlackElo "2587"]
[PlyCount "109"]
[EventDate "2012.??.??"]
[EventCountry "FRA"]

1. d4 Nf6 2. c4 e6 3. a3 d5 4. Nc3 c5 5. e3 a6 6. Nf3 Nc6 7. dxc5 Bxc5 8. b4
Bd6 9. Bb2 O-O 10. cxd5 exd5 11. Be2 Be6 12. O-O Rc8 13. Rc1 Qe7 14. Qd3 Rfd8
15. Rfd1 b5 16. h3 Bb8 17. Bf1 h6 18. Ne2 Nd7 19. Nf4 Nde5 20. Nxe5 Nxe5 21.
Qd4 Rxc1 22. Rxc1 Qf8 23. Qb6 Qd6 24. Qxd6 Bxd6 25. Bxe5 Bxe5 26. Nd3 Bf6 27.
Rc6 Ra8 28. Nc5 Bb2 29. Nxa6 Bxa3 30. Rb6 d4 31. exd4 Rd8 32. Bxb5 Rxd4 33. Kf1
g5 34. Be2 Kg7 35. b5 Rd2 36. Nc7 Rb2 37. Nxe6+ fxe6 38. g3 e5 39. Re6 Rb1+ 40.
Kg2 Bb2 41. Re7+ Kf8 42. Rh7 Bd4 43. Rxh6 Rb2 44. Bc4 Rxf2+ 45. Kh1 Kg7 46. Rd6
Rb2 47. g4 Rb4 48. Bd3 Rb3 49. Rg6+ Kf8 50. Be2 Rb1+ 51. Kg2 Rb2 52. Kf3 Rb3+
53. Kg2 Rb2 54. Kf3 Rb3+ 55. Kg2 1/2-1/2

[Event "French League TOP 12"]
[Site "Belfort"]
[Date "2012.06.09"]
[Round "10"]
[White "Fressinet, Laurent"]
[Black "Kulaots, Kaido"]
[Result "1/2-1/2"]
[WhiteElo "2715"]
[BlackElo "2574"]
[PlyCount "108"]
[EventDate "2012.??.??"]
[EventCountry "FRA"]

1. Nf3 Nf6 2. c4 g6 3. g3 Bg7 4. Bg2 d5 5. cxd5 Nxd5 6. O-O Nc6 7. Nc3 Nb6 8.
d3 O-O 9. Be3 e5 10. Qd2 Re8 11. Bh6 Bh8 12. Rac1 Nd4 13. Nxd4 exd4 14. Ne4 Nd5
15. Qc2 c6 16. Rfe1 Re5 17. Qa4 a5 18. Bd2 Nb6 19. Qa3 Bg7 20. Qd6 Qxd6 21.
Nxd6 Bf8 22. Nxc8 Rxc8 23. e3 dxe3 24. Bxe3 Nd5 25. d4 Ree8 26. Bd2 Bb4 27.
Rxe8+ Rxe8 28. Bh6 Rd8 29. a3 Be7 30. Bd2 Bf6 31. Bxa5 Ra8 32. Bd2 Bxd4 33. Rc2
Nf6 34. Bf3 Kg7 35. Kg2 h5 36. h3 Nd7 37. Bc1 Nc5 38. Rc4 Ne6 39. Rb4 Ra7 40.
h4 Kf6 41. g4 hxg4 42. Bxg4 Bc5 43. Re4 Bd6 44. b4 Ke7 45. Re1 Ra8 46. Kf1 Kd7
47. Bb2 Ke7 48. Bd1 Rd8 49. Bb3 Bc7 50. Re3 Bb6 51. Rf3 Bd4 52. Bc1 Bf6 53. Be3
Bxh4 54. Bc5+ Nxc5 1/2-1/2

[Event "French League TOP 12"]
[Site "Belfort"]
[Date "2012.06.09"]
[Round "10"]
[White "Riazantsev, Alexander"]
[Black "Edouard, Romain"]
[Result "0-1"]
[WhiteElo "2714"]
[BlackElo "2625"]
[PlyCount "72"]
[EventDate "2012.??.??"]
[EventCountry "FRA"]

1. d4 Nf6 2. c4 g6 3. Nc3 d5 4. cxd5 Nxd5 5. Bd2 Bg7 6. e4 Nxc3 7. Bxc3 O-O 8.
Qd2 c5 9. d5 Bxc3 10. bxc3 Qd6 11. f4 Nd7 12. e5 Qc7 13. h4 c4 14. h5 Nb6 15.
Nf3 Bg4 16. hxg6 fxg6 17. Ng5 Rad8 18. d6 exd6 19. Rxh7 Qc5 20. Rh6 dxe5 21.
Rxg6+ Kh8 22. Nf7+ Kh7 23. Rh6+ Kg7 24. Nxd8 Rxd8 25. Rh4 Rxd2 26. Rxg4+ Kf8
27. Kxd2 Qf2+ 28. Be2 Nd5 29. Rh1 Qe3+ 30. Ke1 Qxc3+ 31. Kf2 Qe3+ 32. Ke1 Nxf4
33. Rh8+ Kf7 34. Rxf4+ exf4 35. Rh7+ Kf6 36. Rxb7 c3 0-1

[Event "French League TOP 12"]
[Site "Belfort"]
[Date "2012.06.09"]
[Round "10"]
[White "Navara, David"]
[Black "Sanchez, Joseph"]
[Result "1-0"]
[WhiteElo "2706"]
[BlackElo "2531"]
[PlyCount "97"]
[EventDate "2012.??.??"]
[EventCountry "FRA"]

1. d4 Nf6 2. c4 c6 3. Nc3 d5 4. e3 g6 5. Nf3 Bg7 6. Be2 O-O 7. O-O Bg4 8. cxd5
Nxd5 9. h3 Bxf3 10. Bxf3 Nb6 11. b3 Nd5 12. Ne2 Nd7 13. Bb2 Qb6 14. Qc2 Rfe8
15. Rad1 Rad8 16. a3 Nf8 17. Rd2 e5 18. Rfd1 exd4 19. Nxd4 Nc7 20. b4 Nce6 21.
Nb3 Rxd2 22. Nxd2 Ng5 23. Bxg7 Kxg7 24. Be2 f6 25. h4 Nf7 26. Ne4 Rd8 27. h5
Rxd1+ 28. Qxd1 Qd8 29. h6+ Kxh6 30. Qxd8 Nxd8 31. Nxf6 Kg7 32. Ne4 Nd7 33. f4
Nb6 34. Kf2 h5 35. g3 Nd5 36. Bc4 Nc7 37. Nc5 Nb5 38. Bxb5 cxb5 39. e4 b6 40.
Nb3 Kf6 41. Nd4 a6 42. e5+ Ke7 43. Ke3 Nf7 44. Ke4 Nh6 45. f5 g5 46. Nf3 Nf7
47. f6+ Kf8 48. e6 g4 49. Nh4 1-0

[Event "French League TOP 12"]
[Site "Belfort"]
[Date "2012.06.09"]
[Round "10"]
[White "Le, Quang Liem"]
[Black "Bacrot, Etienne"]
[Result "1/2-1/2"]
[WhiteElo "2703"]
[BlackElo "2695"]
[PlyCount "51"]
[EventDate "2012.??.??"]
[EventCountry "FRA"]

1. d4 Nf6 2. c4 g6 3. Nc3 Bg7 4. g3 d5 5. cxd5 Nxd5 6. Bg2 Nxc3 7. bxc3 c5 8.
e3 e5 9. Ne2 exd4 10. cxd4 cxd4 11. Nxd4 Nc6 12. O-O Nxd4 13. exd4 O-O 14. Be3
Qa5 15. Qb3 Rd8 16. Rad1 Bd7 17. Qxb7 Rab8 18. Qe4 Bb5 19. Rfe1 Re8 20. Qf4
Rbd8 21. Bf1 Bxf1 22. Rxf1 Qxa2 23. Ra1 Qd5 24. Rxa7 Bxd4 25. Bxd4 Re4 26. Qf3
1/2-1/2

[Event "Topalov - Vallejo, Leon (rapid) 2012"]
[Site "?"]
[Date "2012.06.09"]
[Round "4"]
[White "Topalov"]
[Black "Vallejo"]
[Result "1-0"]
[WhiteElo "2752"]
[BlackElo "2697"]
[PlyCount "66"]
[EventDate "2012.??.??"]

1. e4 e6 2. d4 d5 3. Nc3 Nf6 4. Bg5 Be7 5. e5 Nfd7 6. Bxe7 Qxe7 7. f4 a6 8. Qg4
f5 9. exf6 Nxf6 10. Qh4 b6 11. Nf3 c5 12. Bd3 Nc6 13. O-O-O cxd4 14. Bg6+ Kd8
15. Nxd4 Nxd4 16. Rxd4 Bd7 17. Bd3 Re8 18. Re1 Qc5 19. Ne2 Bb5 20. Kb1 e5 21.
fxe5 Rxe5 22. c4 Bd7 23. Rxd5 Rxd5 24. cxd5 Qxd5 25. Qg3 g6 26. Nc3 Qd4 27. Rd1
Qc5 28. Qf4 Qe7 29. Rf1 Nh5 30. Qd4 Rb8 31. Nd5 Qd6 32. Re1 Be6 33. Nf4 Kd7 1-0

[Event "French League TOP 12"]
[Site "Belfort"]
[Date "2012.06.10"]
[Round "11"]
[White "Bacrot, Etienne"]
[Black "Gharamian, Tigran"]
[Result "1/2-1/2"]
[WhiteElo "2695"]
[BlackElo "2672"]
[PlyCount "31"]
[EventDate "2012.??.??"]
[EventCountry "FRA"]

1. d4 Nf6 2. c4 g6 3. Nc3 Bg7 4. e4 d6 5. Be2 O-O 6. Nf3 c5 7. O-O cxd4 8. Nxd4
Nc6 9. Be3 Bd7 10. Nc2 Rc8 11. f3 a6 12. Qd2 Ne5 13. Na3 Re8 14. Rab1 Qc7 15.
Rfc1 Qa5 16. Rc2 1/2-1/2

[Event "French League TOP 12"]
[Site "Belfort"]
[Date "2012.06.10"]
[Round "11"]
[White "Dreev, Aleksey"]
[Black "Riazantsev, Alexander"]
[Result "0-1"]
[WhiteElo "2694"]
[BlackElo "2714"]
[PlyCount "110"]
[EventDate "2012.??.??"]
[EventCountry "FRA"]

1. d4 Nf6 2. c4 g6 3. Nc3 d5 4. Bg5 Ne4 5. Bh4 Nxc3 6. bxc3 dxc4 7. e3 Be6 8.
Rb1 Nd7 9. Nf3 Nb6 10. Qc2 Bg7 11. Be2 O-O 12. O-O Qd7 13. Bg3 Bf5 14. e4 Bg4
15. Rfd1 Bxf3 16. Bxf3 e5 17. dxe5 Qe7 18. e6 fxe6 19. e5 Rab8 20. Rd4 Qc5 21.
Re1 Rxf3 22. gxf3 Nd5 23. h4 Rf8 24. h5 gxh5 25. Kg2 b5 26. Rh1 Rf5 27. f4 Bf8
28. Rhd1 c6 29. a4 a6 30. axb5 axb5 31. Ra1 Qe7 32. Ra8 Qb7 33. Rd8 Kg7 34. Qe4
Be7 35. Re8 Kf7 36. Rh8 Kg7 37. Re8 Kf7 38. Rh8 Bf8 39. Rxh7+ Bg7 40. Qf3 c5
41. Rd1 Kg8 42. Rxg7+ Kxg7 43. Kh2 Qf7 44. Qg2 Kh7 45. Ra1 h4 46. Bxh4 Rh5 47.
Qe4+ Qg6 48. Ra7+ Kh6 49. Qxg6+ Kxg6 50. Kg3 Nxc3 51. Re7 Ne2+ 52. Kg4 Rxh4+
53. Kxh4 Nd4 54. Rc7 c3 55. Rxc5 c2 0-1

[Event "French League TOP 12"]
[Site "Belfort"]
[Date "2012.06.10"]
[Round "11"]
[White "Iordachescu, Viorel"]
[Black "Navara, David"]
[Result "1-0"]
[WhiteElo "2614"]
[BlackElo "2706"]
[PlyCount "81"]
[EventDate "2012.??.??"]
[EventCountry "FRA"]

1. e4 c5 2. Nf3 d6 3. d4 cxd4 4. Nxd4 Nf6 5. Nc3 a6 6. Be3 e6 7. Be2 Qc7 8. a4
b6 9. f4 Bb7 10. Bf3 Nbd7 11. Qe2 e5 12. Nf5 g6 13. fxe5 dxe5 14. Nh6 Bc5 15.
O-O Bxe3+ 16. Qxe3 Qc5 17. Qxc5 Nxc5 18. Rf2 Rd8 19. Raf1 Rd6 20. Be2 Ncd7 21.
g4 Rf8 22. Bd3 g5 23. Nf5 Rc6 24. Nd5 Nxg4 25. Ng7+ Kd8 26. Rxf7 Rxf7 27. Rxf7
Rh6 28. Be2 Ngf6 29. Nf5 Rg6 30. Nde7 Bxe4 31. Nxg6 hxg6 32. Ne3 Ke8 33. Bc4 b5
34. axb5 axb5 35. Be6 Nc5 36. Rxf6 Ke7 37. Rf7+ Kxe6 38. Ra7 Bf3 39. b4 Ne4 40.
Ra6+ Kf7 41. c4 1-0

[Event "Latvian Higher League"]
[Site "Riga"]
[Date "2012.05.12"]
[Round "5"]
[White "Shirov, Alexei"]
[Black "Neiksans, Arturs"]
[Result "1-0"]
[WhiteElo "2701"]
[BlackElo "2524"]
[PlyCount "45"]
[EventDate "2012.??.??"]

1. e4 c5 2. Nf3 e6 3. d4 cxd4 4. Nxd4 a6 5. Nc3 Qc7 6. Bd3 Nf6 7. f4 d6 8. g4
Nc6 9. Nxc6 Qxc6 10. g5 Nd7 11. Qe2 Be7 12. Be3 b5 13. O-O-O Nc5 14. a3 Rb8 15.
Bd4 b4 16. axb4 Rxb4 17. Bxg7 Rg8 18. Bf6 Qb7 19. b3 Rxb3 20. cxb3 Bxf6 21.
gxf6 Nxb3+ 22. Kb1 Qb4 23. Qb2 1-0

[Event "Tal Memorial 2012 (blitz)"]
[Site "Moscow RUS"]
[Date "2012.06.07"]
[Round "1"]
[White "Carlsen, M."]
[Black "McShane, L."]
[Result "1-0"]
[WhiteElo "2835"]
[BlackElo "2706"]
[PlyCount "51"]
[EventDate "2012.06.07"]

1. e4 g6 2. d4 Nf6 3. e5 Nh5 4. f4 d5 5. c4 c6 6. Nc3 Ng7 7. Nf3 h5 8. Qb3 e6
9. Be3 Be7 10. Be2 b6 11. O-O Kf8 12. Rac1 Nf5 13. Bf2 Kg7 14. cxd5 exd5 15.
Bd3 Be6 16. Nd1 Qd7 17. Ne3 Rc8 18. Nxf5+ Bxf5 19. Bh4 Bf8 20. Bf6+ Kg8 21.
Bxf5 Qxf5 22. Nh4 Qe4 23. f5 Nd7 24. fxg6 Nxf6 25. gxf7+ Kh8 26. Rf4 1-0

[Event "Tal Memorial 2012 (blitz)"]
[Site "Moscow RUS"]
[Date "2012.06.07"]
[Round "1"]
[White "Aronian, L."]
[Black "Tomashevsky, E."]
[Result "1/2-1/2"]
[WhiteElo "2825"]
[BlackElo "2738"]
[PlyCount "84"]
[EventDate "2012.06.07"]

1. Nf3 Nf6 2. g3 d5 3. Bg2 c6 4. O-O Bg4 5. d3 Nbd7 6. Qe1 e5 7. e4 dxe4 8.
dxe4 Be7 9. Nbd2 O-O 10. h3 Bh5 11. Nh4 Re8 12. Nc4 Bf8 13. Bg5 Qc7 14. a4 a5
15. Kh2 Re6 16. Bd2 b6 17. Ne3 Nc5 18. f3 Rd8 19. Bc3 Ree8 20. Rf2 Ne6 21. Rd1
Bc5 22. Rxd8 Rxd8 23. Rd2 Bd4 24. Nef5 Bg6 25. Rd1 c5 26. Bf1 Bxf5 27. Nxf5 g6
28. Ne3 Bxc3 29. Rxd8+ Qxd8 30. bxc3 Ne8 31. Nc4 Qd7 32. Nxb6 Qc6 33. Qb1 Nd6
34. Nc4 Nxc4 35. Bxc4 Qxa4 36. Qb8+ Nf8 37. Bb3 Qd7 38. h4 Qd2+ 39. Kh3 Qd7+
40. Kg2 Qd2+ 41. Kh3 Qd7+ 42. Kg2 Qd2+ 1/2-1/2

[Event "Tal Memorial 2012 (blitz)"]
[Site "Moscow RUS"]
[Date "2012.06.07"]
[Round "1"]
[White "Radjabov, T."]
[Black "Morozevich, A."]
[Result "1/2-1/2"]
[WhiteElo "2784"]
[BlackElo "2769"]
[PlyCount "45"]
[EventDate "2012.06.07"]

1. d4 Nf6 2. Nf3 g6 3. c4 Bg7 4. Nc3 d5 5. Bg5 Ne4 6. Bf4 Nxc3 7. bxc3 c5 8. e3
O-O 9. cxd5 Qxd5 10. Be2 cxd4 11. cxd4 Nc6 12. O-O Bf5 13. Qa4 Qa5 14. Qb3 Qb4
15. Rfc1 Qxb3 16. axb3 a6 17. Rc5 Rac8 18. Rac1 Nb4 19. Ne5 Rxc5 20. Rxc5 Rc8
21. Bf3 b6 22. Rxc8+ Bxc8 23. Nc4 1/2-1/2

[Event "Tal Memorial 2012 (blitz)"]
[Site "Moscow RUS"]
[Date "2012.06.07"]
[Round "1"]
[White "Kramnik, V."]
[Black "Grischuk, A."]
[Result "1/2-1/2"]
[WhiteElo "2801"]
[BlackElo "2761"]
[PlyCount "51"]
[EventDate "2012.06.07"]

1. Nf3 Nf6 2. c4 g6 3. g3 Bg7 4. Bg2 O-O 5. O-O c5 6. Nc3 d5 7. cxd5 Nxd5 8.
Nxd5 Qxd5 9. d3 Nc6 10. Be3 Bxb2 11. Rb1 Bg7 12. Qa4 Qd7 13. Bxc5 b6 14. Be3
Nd4 15. Qd1 Bb7 16. Nxd4 Bxg2 17. Kxg2 Bxd4 18. Bxd4 Qxd4 19. Qb3 Rac8 20. Rfc1
Rc5 21. e3 Qd6 22. d4 Ra5 23. Rc2 e5 24. Rd1 Rd8 25. Rcd2 Qd5+ 26. Qxd5 1/2-1/2

[Event "Tal Memorial 2012 (blitz)"]
[Site "Moscow RUS"]
[Date "2012.06.07"]
[Round "2"]
[White "McShane, L."]
[Black "Caruana, F."]
[Result "1/2-1/2"]
[WhiteElo "2706"]
[BlackElo "2770"]
[PlyCount "79"]
[EventDate "2012.06.07"]

1. e4 c5 2. Nc3 e6 3. g3 Nc6 4. Bg2 Nf6 5. Nge2 a6 6. O-O b5 7. d3 Bb7 8. Be3
Be7 9. h3 O-O 10. g4 d5 11. exd5 Nxd5 12. Nxd5 exd5 13. d4 cxd4 14. Nxd4 Ne5
15. Nf5 Bf6 16. Bd4 g6 17. g5 Bxg5 18. Bxe5 gxf5 19. Qd4 Rc8 20. b3 Rxc2 21.
Qd3 Rc6 22. Rad1 Rg6 23. Kh1 Bf6 24. Bf4 Re8 25. Bxd5 Qd7 26. Bxb7 Qxb7+ 27.
Qd5 Qxd5+ 28. Rxd5 Re2 29. a4 bxa4 30. bxa4 Re4 31. Rxf5 Rxa4 32. Rb1 Ra2 33.
Bg3 Kg7 34. Rb7 a5 35. Ra7 Rg5 36. Rxf6 Kxf6 37. Bh4 Kg6 38. Bxg5 Kxg5 39. Rxf7
Kg6 40. Ra7 1/2-1/2

[Event "Tal Memorial 2012 (blitz)"]
[Site "Moscow RUS"]
[Date "2012.06.07"]
[Round "2"]
[White "Carlsen, M."]
[Black "Aronian, L."]
[Result "0-1"]
[WhiteElo "2835"]
[BlackElo "2825"]
[PlyCount "68"]
[EventDate "2012.06.07"]

1. e4 e5 2. Nf3 Nc6 3. Bb5 Nf6 4. d4 exd4 5. O-O a6 6. Bxc6 dxc6 7. Nxd4 Be7 8.
f3 O-O 9. Be3 Nd7 10. Nc3 Ne5 11. Qe2 Bb4 12. Nd1 c5 13. Nb3 c4 14. Nd4 c5 15.
Nf5 Bxf5 16. exf5 Re8 17. Nf2 Nc6 18. Ne4 Nd4 19. Bxd4 Qxd4+ 20. Kh1 Qxb2 21.
a3 Ba5 22. Rab1 Qe5 23. Rxb7 Qxf5 24. Qxc4 Qe6 25. Qxc5 Bd8 26. Qd4 Be7 27. Rb6
Qa2 28. c4 Qxa3 29. c5 a5 30. Ra1 Rad8 31. Nd6 Bf6 32. Rxa3 Bxd4 33. Nxe8 Bxc5
34. Rd6 Rxe8 0-1

[Event "Tal Memorial 2012 (blitz)"]
[Site "Moscow RUS"]
[Date "2012.06.07"]
[Round "3"]
[White "Aronian, L."]
[Black "McShane, L."]
[Result "1/2-1/2"]
[WhiteElo "2825"]
[BlackElo "2706"]
[PlyCount "105"]
[EventDate "2012.06.07"]

1. d4 e6 2. Nf3 b6 3. e4 Bb7 4. Bd3 g6 5. O-O Bg7 6. Re1 d6 7. Nbd2 Ne7 8. Nf1
Nd7 9. Ng3 h6 10. c3 a6 11. Be3 Nf6 12. h3 O-O 13. Qd2 Kh7 14. Rad1 Qd7 15. Bb1
b5 16. Nh2 Nfg8 17. h4 f5 18. h5 g5 19. exf5 exf5 20. f4 g4 21. Nxg4 Kh8 22.
Nh2 Nf6 23. Nf3 Ne4 24. Nxe4 fxe4 25. Nh4 Bf6 26. Ng6+ Nxg6 27. hxg6 Qf5 28. d5
Rae8 29. Bd4 Qxg6 30. f5 Qg7 31. Bxf6 Qxf6 32. Rxe4 Rxe4 33. Bxe4 Re8 34. Bb1
Re5 35. Re1 Rxd5 36. Re8+ Kg7 37. Qe2 Re5 38. Rxe5 Qxe5 39. Qg4+ Kf8 40. Qg6
Qe1+ 41. Kh2 Qh4+ 42. Kg1 Qe1+ 43. Kh2 Qxb1 44. Qxh6+ Ke8 45. Qe6+ Kd8 46. Qg8+
Kd7 47. Qg7+ Kd8 48. Qg8+ Kd7 49. f6 Qe4 50. Qg7+ Kd8 51. f7 Qh4+ 52. Kg1 Qe1+
53. Kh2 1/2-1/2

[Event "Tal Memorial 2012 (blitz)"]
[Site "Moscow RUS"]
[Date "2012.06.07"]
[Round "3"]
[White "Radjabov, T."]
[Black "Tomashevsky, E."]
[Result "1-0"]
[WhiteElo "2784"]
[BlackElo "2738"]
[PlyCount "57"]
[EventDate "2012.06.07"]

1. d4 Nf6 2. Nf3 e6 3. Bf4 b6 4. e3 Bb7 5. Bd3 c5 6. Nbd2 Be7 7. c3 O-O 8. Qe2
Nc6 9. a3 Rc8 10. e4 d6 11. O-O Qc7 12. h3 e5 13. dxe5 Nxe5 14. Nxe5 dxe5 15.
Bh2 Rcd8 16. Nc4 b5 17. Nxe5 Bd6 18. f4 c4 19. Bc2 Rfe8 20. Rad1 Ba8 21. Bg3
Qc5+ 22. Kh2 Bf8 23. Bh4 Be7 24. Bg3 Qb6 25. Rfe1 Qe6 26. Rxd8 Rxd8 27. Nf3 Nh5
28. Nd4 Qg6 29. Qf3 1-0

[Event "Tal Memorial 2012 (blitz)"]
[Site "Moscow RUS"]
[Date "2012.06.07"]
[Round "3"]
[White "Caruana, F."]
[Black "Morozevich, A."]
[Result "0-1"]
[WhiteElo "2770"]
[BlackElo "2769"]
[PlyCount "90"]
[EventDate "2012.06.07"]

1. e4 c5 2. Nf3 Nc6 3. Bb5 Nf6 4. Nc3 Qc7 5. d3 Nd4 6. Ba4 a6 7. O-O b5 8. Bb3
Nxb3 9. axb3 Bb7 10. Bg5 e6 11. Re1 h6 12. Bh4 Be7 13. e5 Ng8 14. Bg3 h5 15.
Ne4 Nh6 16. Bf4 Nf5 17. Qd2 h4 18. h3 Rh5 19. Rad1 Qc6 20. Bg5 Bxg5 21. Nfxg5
Qd5 22. Qf4 b4 23. c4 Qc6 24. Nf3 Qb6 25. d4 cxd4 26. Nxd4 Bxe4 27. Rxe4 Rd8
28. Qg4 g6 29. Qf3 Qc7 30. Nxf5 Rxf5 31. Qe3 g5 32. Rd6 a5 33. Rg4 f6 34. c5
Rxe5 35. Qd3 Qxc5 36. Rgd4 Rf5 37. Rxe6+ dxe6 38. Rxd8+ Kf7 39. Qd7+ Qe7 40.
Qc8 Rc5 41. Qa8 Rc1+ 42. Kh2 Qc7+ 43. g3 hxg3+ 44. Kg2 Qc6+ 45. Kxg3 Rc2 0-1

[Event "Tal Memorial 2012 (blitz)"]
[Site "Moscow RUS"]
[Date "2012.06.07"]
[Round "3"]
[White "Kramnik, V."]
[Black "Carlsen, M."]
[Result "0-1"]
[WhiteElo "2801"]
[BlackElo "2835"]
[PlyCount "86"]
[EventDate "2012.06.07"]

1. Nf3 g6 2. e4 Bg7 3. d4 d6 4. Bc4 a6 5. O-O b5 6. Bb3 Bb7 7. Re1 e6 8. a4 Nd7
9. Bg5 Ne7 10. axb5 axb5 11. Rxa8 Qxa8 12. d5 Nc5 13. Nd4 h6 14. Bxe7 Kxe7 15.
Nxb5 Qa5 16. N1c3 Rb8 17. dxe6 fxe6 18. Nd4 Nxb3 19. Nxb3 Qb4 20. Qg4 Bxc3 21.
bxc3 Qxc3 22. Re3 Qxc2 23. h3 Rf8 24. Qxe6+ Kxe6 25. Nd4+ Ke5 26. Nxc2 c5 27.
Ne1 Ra8 28. Nd3+ Kd4 29. e5 c4 30. Nf4 dxe5 31. Ne2+ Kd5 32. Nc3+ Ke6 33. f4 e4
34. Kf2 Bc6 35. Nxe4 Ra2+ 36. Kg3 Kd5 37. Nf6+ Kd4 38. Re6 Rxg2+ 39. Kh4 Bf3
40. Ng4 c3 41. Rd6+ Kc5 42. Rd8 Rxg4+ 43. hxg4 c2 0-1

[Event "Tal Memorial 2012 (blitz)"]
[Site "Moscow RUS"]
[Date "2012.06.07"]
[Round "4"]
[White "Aronian, L."]
[Black "Kramnik, V."]
[Result "1-0"]
[WhiteElo "2825"]
[BlackElo "2801"]
[PlyCount "24"]
[EventDate "2012.06.07"]

1. e4 e5 2. Nf3 Nc6 3. Bc4 Bc5 4. c3 Nf6 5. b4 Bb6 6. d3 d6 7. a4 a5 8. b5 Ne7
9. Nbd2 O-O 10. O-O Ng6 11. Ba2 h6 12. Nc4 Ba7 1-0

[Event "Tal Memorial 2012 (blitz)"]
[Site "Moscow RUS"]
[Date "2012.06.07"]
[Round "4"]
[White "Grischuk, A."]
[Black "Caruana, F."]
[Result "1-0"]
[WhiteElo "2761"]
[BlackElo "2770"]
[PlyCount "85"]
[EventDate "2012.06.07"]

1. g3 Nf6 2. Bg2 g6 3. e4 d6 4. d4 Bg7 5. Ne2 Nbd7 6. O-O O-O 7. h3 e5 8. Nbc3
c6 9. a4 b6 10. Be3 Bb7 11. g4 a6 12. Ng3 b5 13. g5 Ne8 14. d5 cxd5 15. Nxd5
Nc7 16. axb5 axb5 17. Rxa8 Bxa8 18. Qe2 Nxd5 19. exd5 Qb8 20. Rd1 f5 21. gxf6
Nxf6 22. c3 Qe8 23. Bg5 Bb7 24. b3 Bc8 25. c4 bxc4 26. bxc4 Qf7 27. Be3 Ba6 28.
Qa2 Ra8 29. c5 dxc5 30. Bxc5 Bb7 31. Qb3 Rd8 32. Ne4 Nxe4 33. Bxe4 Bc8 34. Qd3
Bf5 35. d6 Bf8 36. Qe3 Bxe4 37. Qxe4 Qe6 38. Rd5 Bg7 39. Kg2 Rd7 40. Rd3 Bf8
41. Qc6 g5 42. Qc8 h5 43. Rf3 1-0